000 01301cam a22003617a 4500
003 CHAP
005 20220817041545.0
008 971013s1992 r 00010 d
010 _a17988
011 _a18960
035 _a23045
040 _cCHAP
082 _a338.180954
_bW3
100 0 0 _aWanmali, Sudhir.
_9121026
245 0 _aRural infrastructure, the sttlement system, and development of the regional economy in southern India
260 _aWashington :
_bInternational Food Policy Research Institute,
_c1992
300 _a120 p.
_b; gráfs.
410 _aInternational Food Policy Research Institute
490 0 _aResearch reporte
_v; 91
590 _aBATCH-UPD
_b10
_c20130110
_lUCH01
_h0046
590 _aBATCH-UPD
_b10
_c20130110
_lUCH01
_h2004
590 _aBATCH-UPD
_b10
_c20130410
_lUCH01
_h1323
590 _aBATCH-UPD
_b10
_c20130914
_lUCH01
_h1145
590 _aCONVERSION
_b10
_c20130109
_lUCH01
_h1311
650 1 4 _aDesarrollo de la comunidad rural.
_931995
650 1 4 _aIndia
_xCondiciones rurales.
_957543
650 1 4 _aPolítica agrícola
_xIndia.
_990327
810 _aInternational Food Policy Research Institute
830 0 0 _aResearch reporte
_v; 91
_996083
901 _aBK
942 _cLIBRO
949 _a338.180954 W3
_bBC
_cLIBRO
_d33724000118014
_eLIBRO
_h87136
_i23045
_si
999 _c17988
_d17988